[Event "ICS rated blitz match"]
[Site "204.178.125.65"]
[Date "1999.08.20"]
[Round "?"]
[White "fidelito"]
[Black "Hossa"]
[Result "0-1"]
[WhiteElo "2263"]
[BlackElo "2452"]
[PlyCount "60"]

1. e4 c5 2. Nf3 d6 3. Bb5+ Bd7 4. Bxd7+ Qxd7 5. c4 Qg4 6. O-O Qxe4 7. d4 cxd4
8. Re1 Qg4 9. h3 Qd7 10. Nxd4 Nc6 11. Nb5 e6 12. Bf4 O-O-O 13. N1c3 Nf6 14. Qa4
a6 15. Rac1 e5 16. Bg5 Qf5 17. Bxf6 gxf6 18. Nd5 Rg8 19. Re3 Qg5 20. g3 Qf5 21.
Rb3 Qxh3 22. Nb6+ Kb8 23. Nd5 axb5 24. Qxb5 Qc8 25. Nb6 Na7 26. Qa5 Qc5 27. Rb5
Nxb5 28. Qxb5 Rxg3+ 29. Kh2 Qxf2+ 30. Kh1 30... Qg2# {fidelito checkmated} 0-1

[Event "ICS rated blitz match"]
[Site "204.178.125.65"]
[Date "1999.08.20"]
[Round "?"]
[White "fidelito"]
[Black "Hossa"]
[Result "0-1"]
[WhiteElo "2240"]
[BlackElo "2460"]
[PlyCount "124"]

1. d4 Nf6 2. Nf3 d5 3. e3 e6 4. Bd3 c5 5. c3 Bd6 6. O-O Qc7 7. Nbd2 e5 8. dxe5
Bxe5 9. Nxe5 Qxe5 10. e4 O-O 11. Nf3 Qh5 12. exd5 Qxd5 13. Bg5 Bf5 14. Bxf5
Qxf5 15. Qb3 b6 16. Rad1 Nbd7 17. h3 Rfe8 18. Rfe1 Rxe1+ 19. Rxe1 Ne4 20. Qc2
Re8 21. Bh4 Qd5 22. Nd2 Nef6 23. Rxe8+ Nxe8 24. Qe4 Nc7 25. Qxd5 Nxd5 26. Bg3
f5 27. Kf1 Kf7 28. Ke2 g6 29. a3 a5 30. c4 N5f6 31. Bc7 h5 32. Ke3 Ke6 33. Nf3
a4 34. Ng5+ Ke7 35. f3 Ne8 36. Bg3 h4 37. Bxh4 Ne5 38. Ne4+ Ke6 39. Nd2 Nd6 40.
Bg3 Ndxc4+ 41. Nxc4 Nxc4+ 42. Ke2 Nxb2 43. Bc7 Nc4 44. Kd3 b5 45. Kc3 Nxa3 46.
Bb6 b4+ 47. Kd3 b3 48. Kc3 b2 49. Kxb2 Nc4+ 50. Kc3 Nxb6 51. g4 g5 52. gxf5+
Kxf5 53. Kd3 Kf4 54. Kc3 Kxf3 55. Kb2 Kg2 56. Ka3 Kxh3 57. Kb2 g4 58. Ka3 g3
59. Kb2 Kg4 60. Kc3 g2 61. Kd3 g1=Q 62. Ke4 62... Qd4# {fidelito checkmated}
0-1

[Event "ICS rated blitz match"]
[Site "204.178.125.65"]
[Date "1999.08.20"]
[Round "?"]
[White "Hossa"]
[Black "fidelito"]
[Result "1-0"]
[WhiteElo "2467"]
[BlackElo "2233"]
[PlyCount "137"]

1. d4 Nf6 2. c4 e6 3. Nc3 Bb4 4. Bg5 c5 5. d5 h6 6. Bxf6 Qxf6 7. Qc2 Bxc3+ 8.
Qxc3 Qxc3+ 9. bxc3 e5 10. e4 d6 11. Rb1 O-O 12. a3 f5 13. exf5 Rxf5 14. Bd3 Rf8
15. Nf3 b6 16. Nd2 Kf7 17. Ke2 Nd7 18. Ne4 Ke7 19. Rhe1 Nf6 20. Nxf6 gxf6 21.
g3 f5 22. Bc2 Bd7 23. f3 Rab8 24. Bd3 Kf6 25. Ke3 Rbe8 26. h3 Rg8 27. Kf2 Re7
28. Re2 Reg7 29. Rg1 Re7 30. Rb1 Reg7 31. Rg1 Re7 32. Rb1 Rge8 33. Rbe1 Rb8 34.
Bc2 b5 35. Rb1 Be8 36. Bd3 Reb7 37. Reb2 a6 38. cxb5 axb5 39. h4 Ra8 40. Bxb5
Bxb5 41. Rxb5 Rxb5 42. Rxb5 Rxa3 43. Rb6 Ke7 44. Rb7+ Ke8 45. Rh7 Rxc3 46. Rxh6
Ke7 47. Re6+ Kd7 48. Rf6 Rd3 49. Rf7+ Ke8 50. Rxf5 Rxd5 51. g4 c4 52. h5 c3 53.
h6 Rd2+ 54. Kg3 c2 55. h7 c1=Q 56. h8=Q+ Kd7 57. Rf7+ Ke6 58. Rf6+ Kd5 59. Qg8+
Kd4 60. Rxd6+ Ke3 61. Qg5+ Ke2 62. Qxd2+ Qxd2 63. Rxd2+ Kxd2 64. g5 Ke3 65. g6
e4 66. fxe4 Kxe4 67. g7 Ke5 68. g8=Q Ke4 69. Qd8 {fidelito resigns} 1-0

[Event "ICS rated blitz match"]
[Site "204.178.125.65"]
[Date "1999.08.20"]
[Round "?"]
[White "postalex"]
[Black "Hossa"]
[Result "0-1"]
[WhiteElo "2054"]
[BlackElo "2474"]
[PlyCount "74"]

1. e4 c5 2. Nf3 d6 3. d4 cxd4 4. Nxd4 Nf6 5. Nc3 e5 6. Nb3 Be7 7. Be2 Be6 8.
O-O d5 9. exd5 Nxd5 10. Nxd5 Qxd5 11. Be3 O-O 12. Bf3 e4 13. Be2 Qe5 14. Qd4
Nc6 15. Qxe5 Nxe5 16. Rfd1 f5 17. Bc5 Rfe8 18. Bxe7 Bxb3 19. axb3 Rxe7 20. Rd5
g6 21. Rad1 Rc8 22. c3 Rcc7 23. h3 Rcd7 24. b4 Kf7 25. Kf1 Kf6 26. Ke1 Nd3+ 27.
R1xd3 exd3 28. Rxd7 Rxd7 29. Bf3 Ke5 30. Kd2 g5 31. c4 Kd4 32. c5 Kc4 33. c6
bxc6 34. Bxc6 Re7 35. Bf3 Re8 36. g3 Rb8 37. Bh5 37... Kd4 {postalex resigns}
0-1

[Event "ICS rated blitz match"]
[Site "204.178.125.65"]
[Date "1999.08.20"]
[Round "?"]
[White "MissSilicon"]
[Black "Hossa"]
[Result "1-0"]
[WhiteElo "2648"]
[BlackElo "2477"]
[PlyCount "165"]

1. d4 Nf6 2. c4 e6 3. Nc3 Bb4 4. Qc2 Nc6 5. Nf3 d5 6. a3 Bxc3+ 7. Qxc3 Ne7 8.
e3 Ne4 9. Qc2 Nd6 10. c5 Ndf5 11. Bd3 Bd7 12. O-O a6 13. Rd1 Bb5 14. e4 Bxd3
15. Qxd3 dxe4 16. Qxe4 Qd5 17. Re1 O-O-O 18. Bg5 Rhe8 19. Rad1 f6 20. Qxd5 Nxd5
21. Bd2 h5 22. Re4 g5 23. h3 Kd7 24. Rde1 Ng7 25. a4 Rh8 26. b4 h4 27. R4e2 Rh5
28. Kh2 Kc8 29. a5 Kd7 30. Kg1 Kc6 31. Rc1 Ne7 32. Re4 Rd7 33. Rce1 Kd5 34. Nh2
Kc4 35. Ng4 Nd5 36. Rd1 Rd8 37. Re2 Kb5 38. Rb1 Rhh8 39. Ree1 Rd7 40. Rec1 c6
41. Re1 Rg8 42. Re2 Rgd8 43. Kh2 Kc4 44. Bc1 Kxd4 45. Nxf6 Nxf6 46. Bxg5 Nd5
47. Rd1+ Kc3 48. Bxd8 Rxd8 49. Rc1+ Kb3 50. Re4 Rf8 51. f3 Nf5 52. Rb1+ Kc2 53.
Rbe1 Nc7 54. Rg4 Rd8 55. Ree4 Rh8 56. Rg5 Kd1 57. Reg4 Rh7 58. Rg8 Rd7 59. Re4
Nd5 60. Rxe6 Nxb4 61. Rf8 Rd5 62. Ree8 Rxc5 63. Rf7 Rxa5 64. Rd8+ Kc2 65. Rxb7
Rb5 66. Rxb5 cxb5 67. Rf8 Nd4 68. f4 Kd3 69. f5 a5 70. f6 Ne6 71. Re8 Ng5 72.
Re5 Nh7 73. f7 a4 74. Rh5 Nf8 75. Rh8 Ne6 76. Re8 a3 77. Rxe6 a2 78. f8=Q a1=Q
79. Qxb4 Qa4 80. Rd6+ Ke2 81. Qd2+ Kf1 82. Rf6+ Qf4+ 83. Rxf4# {
Hossa checkmated} 1-0

[Event "ICS Rated blitz match"]
[Site "204.178.125.65"]
[Date "1999.08.20"]
[Round "?"]
[White "Hossa"]
[Black "MrPeege"]
[Result "1/2-1/2"]
[WhiteElo "2468"]
[BlackElo "2407"]
[PlyCount "81"]

1. d4 Nf6 2. c4 g6 3. Nc3 d5 4. cxd5 Nxd5 5. e4 Nxc3 6. bxc3 Bg7 7. Bb5+ c6 8.
Be2 c5 9. Nf3 Nc6 10. Be3 Bg4 11. Ng1 cxd4 12. cxd4 Qa5+ 13. Bd2 Bxe2 14. Nxe2
Qa6 15. d5 Nd4 16. Bc3 e5 17. Nxd4 exd4 18. Bxd4 Bxd4 19. Qxd4 O-O 20. f3 Rac8
21. Qb2 f5 22. Rd1 fxe4 23. fxe4 Rc4 24. Qb1 Qa4 25. Rd2 Rxe4+ 26. Re2 Qa5+ 27.
Kd1 Rd4+ 28. Kc1 Rc8+ 29. Qc2 Rdc4 30. Re8+ Rxe8 31. Qxc4 b5 32. Qc6 Qa3+ 33.
Kd1 Qd3+ 34. Kc1 Re2 35. Qc8+ Kg7 36. Qc7+ Kh6 37. Qf4+ Kg7 38. Qc7+ Kh6 39.
Qf4+ Kg7 40. Qc7+ Kh6 41. Qf4+ {Game drawn by repetition} 1/2-1/2

[Event "ICS rated blitz match"]
[Site "204.178.125.65"]
[Date "1999.08.20"]
[Round "?"]
[White "PostModernist"]
[Black "Hossa"]
[Result "1-0"]
[WhiteElo "2607"]
[BlackElo "2466"]
[PlyCount "195"]

1. Nf3 b6 2. g3 Bb7 3. Bg2 e6 4. O-O f5 5. d3 Be7 6. Nc3 Nf6 7. e4 fxe4 8. dxe4
O-O 9. e5 Nd5 10. Nxd5 Bxd5 11. b3 Bb7 12. Bf4 Bc5 13. Qd3 Rf5 14. Rfd1 Qc8 15.
Bh3 Rf8 16. Ng5 g6 17. Ne4 Bxe4 18. Qxe4 Na6 19. Bg2 Rb8 20. Bf3 Rf7 21. a3 Bf8
22. b4 Bg7 23. Ra2 Rf5 24. Qe3 g5 25. Bxg5 Rxe5 26. Qf4 Rf5 27. Qg4 Rf7 28. Be4
d5 29. Bd3 c5 30. Bf4 Nc7 31. Bxc7 Rxc7 32. Re1 Rc6 33. b5 Rd6 34. Qh4 h6 35.
Qe7 Qd7 36. Qxd7 Rxd7 37. Rxe6 Kf7 38. Re2 Rbb7 39. h4 Re7 40. c4 d4 41. Be4
Rbd7 42. Bf5 Rc7 43. f4 Kf6 44. Bd3 h5 45. Ra1 Rcd7 46. Rae1 Rxe2 47. Bxe2 Kg6
48. Bd3+ Kf7 49. Kg2 Rd6 50. a4 Bf6 51. Kh3 Rd8 52. Kh2 Rg8 53. Be2 Kg6 54. Kg2
Bd8 55. Bd3+ Kf7 56. Kf2 Bc7 57. Be4 Kf6 58. Bd5 Rh8 59. Re6+ Kf5 60. Rc6 Bd8
61. Kf3 Re8 62. Rh6 Re3+ 63. Kg2 Ra3 64. Be6+ Ke4 65. Rxh5 Rxa4 66. Rh8 Bc7 67.
Rf8 Ra2+ 68. Kh3 Ra3 69. Rf7 Bd6 70. h5 a5 71. h6 d3 72. h7 d2 73. Bg4 Ra1 74.
Kg2 d1=Q 75. Bxd1 Rxd1 76. h8=Q Rd2+ 77. Kh3 Kd3 78. Qd8 Kxc4 79. Qxb6 a4 80.
Rf6 a3 81. Rxd6 a2 82. Rxd2 a1=Q 83. Rc2+ Kb3 84. Qxc5 Qh1+ 85. Kg4 Qd1+ 86.
Kh4 Qd8+ 87. Kh3 Qd7+ 88. f5 Qh7+ 89. Kg2 Qb7+ 90. Kg1 Qa7 91. Qxa7 Kxc2 92.
Qe3 Kb2 93. b6 Ka2 94. b7 Kb2 95. b8=Q+ Ka2 96. Qbb3+ Ka1 97. Qb8 Ka2 98. Qea7#
{Hossa checkmated} 1-0

[Event "ICS Rated blitz match"]
[Site "204.178.125.65"]
[Date "1999.08.20"]
[Round "?"]
[White "Hossa"]
[Black "Amateur"]
[Result "1-0"]
[WhiteElo "2456"]
[BlackElo "2455"]
[PlyCount "243"]

1. d4 Nf6 2. c4 e6 3. Nc3 d5 4. Bf4 dxc4 5. e3 Nd5 6. Bxc4 Nxf4 7. exf4 Bb4 8.
Nge2 O-O 9. O-O Nd7 10. Qb3 Be7 11. Rfe1 a6 12. Rac1 b5 13. Bd3 Bb7 14. Qc2 Nf6
15. Ne4 Nxe4 16. Bxe4 Bxe4 17. Qxe4 Bb4 18. Rf1 Qd7 19. Qc6 Qxc6 20. Rxc6 Bd6
21. g4 f5 22. g5 Kf7 23. h4 Kg6 24. Kg2 h6 25. Rh1 hxg5 26. hxg5 b4 27. Rh3 a5
28. Re3 Kf7 29. Kf3 Rh8 30. Kg3 Rh5 31. Kg2 Rah8 32. Rg3 Rh1 33. b3 R8h2+ 34.
Kf3 Rd1 35. Ke3 Re1 36. Rf3 Ra1 37. Rc2 Kg6 38. Nc1 Kh5 39. Nd3 Rh4 40. Rg3 g6
41. Rg2 Rhh1 42. f3 Rh4 43. Rc6 Rf1 44. Re2 Rh3 45. Rf2 Rxf2 46. Kxf2 Kh4 47.
Ke3 Rh2 48. Nc1 Rb2 49. Ra6 Rc2 50. Ne2 Rxa2 51. Ra8 Rxe2+ 52. Kxe2 Bxf4 53.
Rxa5 Bd6 54. Ra6 Kxg5 55. Ke3 Kh6 56. Ra8 Kg5 57. Ra6 Kf6 58. Kd3 g5 59. Rc6 g4
60. fxg4 fxg4 61. Ke4 g3 62. Kf3 e5 63. dxe5+ Kxe5 64. Rc4 Kd5 65. Ke3 c6 66.
Kf3 c5 67. Re4 Bb8 68. Rh4 Be5 69. Rc4 Bc7 70. Rg4 Be5 71. Rc4 Bb8 72. Rh4 Bd6
73. Re4 Bc7 74. Rg4 Kc6 75. Rg6+ Kb5 76. Ke4 Bb8 77. Kd5 Bf4 78. Rg7 Kb6 79.
Rg6+ Kb5 80. Rg7 Kb6 81. Kc4 Kc6 82. Rg6+ Bd6 83. Rh6 Kd7 84. Kd5 Bf4 85. Rg6
Ke7 86. Kxc5 Be5 87. Kxb4 Kf7 88. Rg4 Ke6 89. Kc5 Kf5 90. Rg8 Bf4 91. Kd4 Bg5
92. Rf8+ Kg4 93. Rf1 Be7 94. Kc4 Bg5 95. Kd3 Bd8 96. Rf8 Be7 97. Re8 Bg5 98.
Ke2 Kf4 99. b4 Bf6 100. Rf8 Kg5 101. b5 Bd4 102. Kf3 Bf2 103. Rf4 Kg6 104. Ke2
Bc5 105. Rg4+ Kf5 106. Rxg3 Bd4 107. Kd3 Bb6 108. Kc4 Kf6 109. Kd5 Ke7 110. Kc6
Bd4 111. b6 Bxb6 112. Kxb6 Kd6 113. Rg5 Ke6 114. Kc6 Kf6 115. Rh5 Kf7 116. Re5
Kg7 117. Re6 Kf8 118. Kd6 Kg7 119. Ke7 Kg8 120. Kf6 Kh7 121. Re8 Kh6 122. Rh8#
{Amateur checkmated} 1-0

[Event "ICS Rated blitz match"]
[Site "204.178.125.65"]
[Date "1999.08.20"]
[Round "?"]
[White "JudgeTurpin"]
[Black "Hossa"]
[Result "1-0"]
[WhiteElo "2649"]
[BlackElo "2472"]
[PlyCount "51"]

1. d4 Nf6 2. c4 e6 3. Nc3 a5 4. Bg5 Be7 5. e3 Nc6 6. Qa4 e5 7. d5 Nb8 8. Nf3
Ng4 9. h3 Bxg5 10. hxg4 Bf6 11. Ne4 Be7 12. Nxe5 O-O 13. d6 cxd6 14. Nd3 Re8
15. Be2 b6 16. Bf3 Nc6 17. Nc3 Bf6 18. Nb5 Ba6 19. Bd5 Be5 20. Qc2 h6 21. g5
hxg5 22. Nxe5 dxe5 23. Qh7+ Kf8 24. Qh8+ Ke7 25. Qxg7 Bxb5 26. Rh6 {
Hossa resigns} 1-0

[Event "ICS Rated blitz match"]
[Site "204.178.125.65"]
[Date "1999.08.20"]
[Round "?"]
[White "Hossa"]
[Black "JudgeTurpin"]
[Result "0-1"]
[WhiteElo "2464"]
[BlackElo "2657"]
[PlyCount "144"]

1. d4 d5 2. c4 e5 3. dxe5 d4 4. Nf3 Nc6 5. Bf4 Bb4+ 6. Nbd2 Nge7 7. a3 Ng6 8.
Bg3 Bxd2+ 9. Qxd2 Bg4 10. O-O-O O-O 11. Nxd4 Ncxe5 12. Bxe5 Nxe5 13. Nf3 Qxd2+
14. Nxd2 Be6 15. f3 Nxc4 16. Nxc4 Bxc4 17. e4 Be6 18. Be2 Rad8 19. Kc2 f6 20.
Kc3 Kf7 21. g3 c5 22. f4 b6 23. h4 Ke7 24. g4 a5 25. e5 fxe5 26. fxe5 Rxd1 27.
Bxd1 Rf4 28. Bc2 Rc4+ 29. Kd2 Rxg4 30. Bxh7 Bf7 31. Bf5 Rg2+ 32. Ke3 Rxb2 33.
Kf4 Be8 34. Rc1 Bc6 35. Rd1 Rf2+ 36. Kg5 Rg2+ 37. Kf4 Rh2 38. Kg5 b5 39. Rd6
Rg2+ 40. Kf4 Be8 41. Ra6 Rh2 42. Kg5 Re2 43. Kf4 Rf2+ 44. Kg5 a4 45. Ra7+ Kf8
46. Ra8 Rd2 47. Rb8 b4 48. axb4 cxb4 49. Rxb4 Rg2+ 50. Rg4 Rxg4+ 51. Kxg4 a3
52. Bb1 Bf7 53. h5 Bc4 54. Kh4 Kf7 55. Kg5 Bd5 56. h6 gxh6+ 57. Kxh6 Ke6 58.
Kg5 Kxe5 59. Kg4 Be6+ 60. Kf3 Kd4 61. Kf2 Kc3 62. Ke3 Kb2 63. Bg6 a2 64. Bd3
a1=Q 65. Bg6 Qg1+ 66. Kd3 Qxg6+ 67. Kd4 Qf6+ 68. Kc5 Qe5+ 69. Kb6 Qd6+ 70. Kb5
Ka3 71. Ka5 Qc5+ 72. Ka6 72... Bc8# {Hossa checkmated} 0-1

[Event "ICS Rated blitz match"]
[Site "204.178.125.65"]
[Date "1999.08.20"]
[Round "?"]
[White "Amateur"]
[Black "Hossa"]
[Result "1/2-1/2"]
[WhiteElo "2439"]
[BlackElo "2456"]
[PlyCount "141"]

1. e4 c5 2. Nf3 d6 3. d4 cxd4 4. Nxd4 Nf6 5. Nc3 e5 6. Bb5+ Nbd7 7. Nf5 a6 8.
Bxd7+ Qxd7 9. Qf3 Nxe4 10. Nxg7+ Bxg7 11. Nxe4 Qc6 12. Be3 d5 13. Ng5 O-O 14.
O-O-O f6 15. Nh3 d4 16. Qxc6 bxc6 17. Bd2 Bxh3 18. gxh3 Kf7 19. Rhg1 c5 20. Rg3
c4 21. Rdg1 Rg8 22. h4 Rab8 23. h5 f5 24. h6 Bf6 25. a4 f4 26. Rxg8 Rxg8 27.
Rxg8 Kxg8 28. Bb4 e4 29. Kd2 d3 30. cxd3 cxd3 31. f3 exf3 32. Bc5 Bxb2 33. Kxd3
Bf6 34. Ke4 Be7 35. Bd4 Bd6 36. Kxf3 Kf7 37. Bc3 Kg6 38. Kg4 f3 39. Kxf3 Bxh2
40. Bg7 Bd6 41. Ke4 Ba3 42. Kd5 Bc1 43. Kc6 Bxh6 44. Bc3 Be3 45. Kb7 h5 46. Be1
a5 47. Bxa5 h4 48. Bc7 Bd2 49. Kc6 h3 50. Kd5 Kf5 51. Bh2 Kg4 52. Ke4 Be1 53.
Ke3 Bg3 54. Bg1 Bf4+ 55. Kf2 Bc7 56. a5 Bxa5 57. Bh2 Bb6+ 58. Ke2 Bd4 59. Bd6
Bg1 60. Bb8 Bc5 61. Bc7 Be7 62. Be5 Bd8 63. Bb8 Ba5 64. Bh2 Bb6 65. Be5 Kh4 66.
Kf3 Bd8 67. Bd6 Bg5 68. Bg3+ Kh5 69. Bf2 Bf4 70. Bg3 h2 71. Bxh2 {
Game drawn because neither player has mating material} 1/2-1/2

[Event "ICS Rated blitz match"]
[Site "204.178.125.65"]
[Date "1999.08.20"]
[Round "?"]
[White "Hossa"]
[Black "Amateur"]
[Result "1-0"]
[WhiteElo "2455"]
[BlackElo "2440"]
[PlyCount "137"]

1. d4 Nf6 2. c4 d6 3. Nf3 Bf5 4. Nc3 Nbd7 5. Bg5 c6 6. e3 Qb6 7. Qb3 Qxb3 8.
axb3 h6 9. Bxf6 Nxf6 10. Be2 e6 11. O-O d5 12. Ra4 dxc4 13. bxc4 Be7 14. Rfa1
a6 15. Ra5 Bb4 16. R5a2 O-O 17. Ne5 Rad8 18. Bf3 Bxc3 19. bxc3 Nd7 20. Nxd7
Rxd7 21. Rb2 Bd3 22. c5 Kh7 23. Rb6 Kg6 24. Rd1 Bb5 25. Rb1 Kg5 26. Be4 f5 27.
Bc2 Rc7 28. Bb3 Bd3 29. Rd1 Be2 30. Rd2 Bg4 31. h3 Bh5 32. Bxe6 Re7 33. Bc4 Bf7
34. Bd3 Be6 35. Rdb2 Bc8 36. g3 Rd8 37. Kg2 Kh5 38. Be2+ Kg6 39. g4 fxg4 40.
Bxg4 Bxg4 41. hxg4 Rdd7 42. Re2 Kg5 43. Kg3 a5 44. f4+ Kg6 45. e4 Rd8 46. Kf3
Kf7 47. Reb2 a4 48. Rxb7 a3 49. Rxe7+ Kxe7 50. Ra2 Ra8 51. f5 Ra5 52. e5 Ra8
53. Kf4 Ra7 54. Ke3 Kf7 55. Kd3 Ra8 56. Kc4 g6 57. f6 Ke6 58. Kd3 h5 59. gxh5
gxh5 60. Ke4 Ra7 61. c4 Ra4 62. Rg2 Kd7 63. Rg7+ Ke8 64. e6 Kd8 65. Ke5 Rxc4
66. Rd7+ Ke8 67. f7+ Kf8 68. Kf6 a2 69. Rd8# {Amateur checkmated} 1-0

[Event "ICS Rated blitz match"]
[Site "204.178.125.65"]
[Date "1999.08.20"]
[Round "?"]
[White "Hossa"]
[Black "MissSilicon"]
[Result "0-1"]
[WhiteElo "2484"]
[BlackElo "2666"]
[PlyCount "71"]

1. e4 e5 2. f4 exf4 3. Be2 Qh4+ 4. Kf1 Nf6 5. Bf3 Nc6 6. d4 b6 7. c3 Ba6+ 8.
Ne2 g5 9. e5 Ng4 10. Bxg4 Qxg4 11. Kf2 Be7 12. Rf1 O-O 13. h3 Qe6 14. Re1 d5
15. exd6 Bxd6 16. d5 Bc5+ 17. Kf1 Qe4 18. b4 f3 19. bxc5 fxe2+ 20. Rxe2 Rae8
21. Kg1 Qxe2 22. Qxe2 Rxe2 23. Bxg5 Re1+ 24. Kh2 Na5 25. Bh4 Rd1 26. d6 cxd6
27. cxd6 f6 28. d7 Rd8 29. Bxf6 R8xd7 30. c4 Nxc4 31. Na3 Nxa3 32. Rxd1 Rxd1
33. Bb2 Nc4 34. Bc3 Bb7 35. h4 Ne3 36. h5 {Hossa resigns} 0-1

[Event "ICS Rated blitz match"]
[Site "204.178.125.65"]
[Date "1999.08.20"]
[Round "?"]
[White "Sidis"]
[Black "Hossa"]
[Result "0-1"]
[WhiteElo "2074"]
[BlackElo "2476"]
[PlyCount "37"]

1. e4 c5 2. c3 d5 3. exd5 Qxd5 4. d4 Nf6 5. Nf3 Bg4 6. Be2 e6 7. h3 Bh5 8. O-O
Nc6 9. Be3 cxd4 10. cxd4 Be7 11. Nc3 Qd6 12. a3 Rc8 13. Qb3 O-O 14. Rfd1 Rfd8
15. Rac1 b6 16. Nb5 Qb8 17. g3 Nd5 18. g4 Bg6 19. Bd3 {Sidis resigns} 0-1

[Event "ICS Rated blitz match"]
[Site "204.178.125.65"]
[Date "1999.08.20"]
[Round "?"]
[White "Hossa"]
[Black "heatstroke"]
[Result "0-1"]
[WhiteElo "2479"]
[BlackElo "2895"]
[PlyCount "78"]

1. d4 d6 2. e4 Nf6 3. Nc3 g6 4. Bc4 c6 5. Bg5 Bg7 6. f3 h6 7. Bxf6 Bxf6 8. Qd2
b5 9. Be2 e5 10. dxe5 dxe5 11. Qxd8+ Bxd8 12. O-O-O Be6 13. Bd3 Nd7 14. Kb1 Nc5
15. a3 a5 16. g3 Ke7 17. f4 exf4 18. gxf4 Bc7 19. Nge2 b4 20. Na2 Bg4 21. Nac1
bxa3 22. Rhg1 axb2 23. Rxg4 bxc1=Q+ 24. Kxc1 Rhd8 25. Rh4 a4 26. Rxh6 a3 27.
Rh4 a2 28. Kb2 a1=Q+ 29. Rxa1 Nxd3+ 30. cxd3 Rdb8+ 31. Kc3 Rxa1 32. d4 Ba5+ 33.
Kc4 Ra4+ 34. Kd3 Ra3+ 35. Kc2 Ra2+ 36. Kd3 Rb3+ 37. Kc4 Re3 38. f5 Rc2+ 39. Nc3
39... Rexc3# {Hossa checkmated} 0-1

[Event "ICS Rated blitz match"]
[Site "204.178.125.65"]
[Date "1999.08.20"]
[Round "?"]
[White "heatstroke"]
[Black "Hossa"]
[Result "1-0"]
[WhiteElo "2898"]
[BlackElo "2476"]
[PlyCount "145"]

1. d4 Nf6 2. Bg5 Ne4 3. Bf4 d5 4. Nf3 c5 5. c3 cxd4 6. Nxd4 Nd7 7. Nb5 Qb6 8.
e3 e5 9. Bxe5 Nxf2 10. Kxf2 Nxe5 11. Qd4 Qf6+ 12. Kg1 Qg5 13. Nd2 Qe7 14. Nxa7
Bd7 15. Nb5 Rc8 16. Re1 Qe6 17. Qf4 Bc5 18. Nd4 Qe7 19. N2b3 O-O 20. Nxc5 Rxc5
21. Be2 Ra8 22. a3 Ng6 23. Qf2 Re8 24. Bd3 Ne5 25. Bf5 Bxf5 26. Nxf5 Qf6 27.
Rf1 Ng4 28. Qf4 Ne5 29. Qd4 b6 30. e4 Qc6 31. b4 Rc4 32. exd5 Qc7 33. Qd2 b5
34. Nd4 Qb7 35. d6 Qd7 36. Rd1 Ra8 37. Qe2 Re8 38. Qc2 Rec8 39. Nf5 Ng6 40. h4
Rxc3 41. Qb2 Qa7+ 42. Qf2 Qa4 43. Qd4 Qxd1+ 44. Qxd1 Rc1 45. Qxc1 Rxc1+ 46. Kh2
Rxh1+ 47. Kxh1 Ne5 48. Nd4 Kf8 49. Nxb5 Ke8 50. Kh2 Kd7 51. Kg3 Nc4 52. a4 Nxd6
53. Nxd6 Kxd6 54. a5 Kc6 55. a6 g6 56. b5+ Kb6 57. Kf4 f6 58. Ke4 Kc7 59. a7
Kb7 60. b6 g5 61. h5 h6 62. Kf5 g4 63. Kxf6 g3 64. Kg7 Ka8 65. Kxh6 Kb7 66. Kg7
Kc6 67. a8=Q+ Kxb6 68. h6 Kc7 69. h7 Kd6 70. h8=Q Kc5 71. Qhc8+ Kd6 72. Qcc6+
Ke7 73. Qae8# {Hossa checkmated} 1-0

[Event "ICS Rated blitz match"]
[Site "204.178.125.65"]
[Date "1999.08.20"]
[Round "?"]
[White "Hossa"]
[Black "StrongBach"]
[Result "1-0"]
[WhiteElo "2473"]
[BlackElo "1920"]
[PlyCount "73"]

1. d4 d6 2. e4 Bd7 3. Bc4 b5 4. Bxf7+ Kxf7 5. Qh5+ g6 6. Qd5+ Be6 7. Qxa8 Nf6
8. Nf3 h6 9. Bg5 Nxe4 10. Qxe4 c6 11. Nh4 Rg8 12. Qf4+ Bf5 13. Nxf5 gxf5 14.
Qxf5+ Ke8 15. Bxh6 Bxh6 16. Qh5+ Kd7 17. Qxh6 Qb6 18. Qh7 Rd8 19. c3 Rf8 20.
O-O Kd8 21. Re1 Re8 22. Re6 Nd7 23. Qf7 Nf8 24. Rh6 Nd7 25. a3 Rf8 26. Qe6 Nf6
27. Nd2 Nd5 28. Rh7 Qc7 29. Re1 Qb8 30. Rxe7 Nb6 31. Re8+ Kc7 32. Qe7+ Nd7 33.
Qxd7+ Kb6 34. Rxb8+ Rxb8 35. Re7 Ra8 36. b4 d5 37. Qb7# {StrongBach checkmated}
1-0

[Event "ICS Rated blitz match"]
[Site "204.178.125.65"]
[Date "1999.08.20"]
[Round "?"]
[White "Hossa"]
[Black "GeorgeVidan"]
[Result "0-1"]
[WhiteElo "2494"]
[BlackElo "2246"]
[Annotator "Fritz 5.32 (15s)"]
[PlyCount "76"]

1. e4 1... e5 {Opening = C59 - 4.Ng5 d5 5.ed5 Na5 6.Bb5 c6 7.dc6 bc6 8.Be2 h6}
2. Nf3 Nc6 3. Bc4 Nf6 4. Ng5 d5 5. exd5 Na5 6. Bb5+ c6 7. dxc6 bxc6 8. Be2 h6
9. Nf3 e4 10. Ne5 Bd6 11. d4 O-O 12. O-O (12. f4 Qc7 13. O-O c5 14. Nc3 cxd4
15. Nb5 Qb6 16. Nxd4 Bc5 17. c3 Rd8 18. Qe1 Bxd4+ 19. cxd4 Nd5 20. Qf2 Bb7 21.
Bh5 f6 22. Bf7+ Kf8 23. Bxd5 Bxd5 24. Ng4 Nc6 25. b3 Kg8 26. f5 h5 27. Ne3 Nb4
28. Ba3 Nd3 29. Bc5 Nxc5 30. dxc5 Qxc5 31. Rac1 Qb6 32. Rfd1 Bf7 33. Nf1 Rd3
34. Re1 Qb4 35. Re2 a5 36. Rce1 Re8 37. Ng3 Rd4 38. a3 Qb6 39. Nxe4 Rb8 40. Nd2
Qd6 41. Nc4 Bxc4 42. bxc4 Rxc4 43. Qf3 Rg4 44. h3 Rg5 45. Kh1 Qd7 46. Re6 46...
Qb5 {Amesz,J-Van Beek,L/Dieren 1998/EXT 99/0-1 (66)}) 12... Rb8 $146 (12... Qc7
13. h3 (13. Bd2 c5 (13... Bxe5 14. dxe5 Qxe5 15. Bc3 Qf5 16. Qd6 Nd5 17. Bxa5
Nf4 18. Qd2 Qg5 19. g3 Nxe2+ 20. Qxe2 Qxa5 21. Qxe4 Bh3 22. Re1 Rab8 23. Na3
Qh5 24. Nc4 Be6 25. b3 Bd5 26. Qf4 Rbe8 27. Re5 Rxe5 28. Qxe5 {
Honfi,K-Mestrovic,Z/Sarajevo 1966/EXT 98/ - (63)}) 14. Bxa5 Qxa5 15. Nc4 Qc7
16. Nxd6 Qxd6 17. dxc5 Qxc5 18. Nc3 Rb8 19. Qc1 Qe5 20. Rb1 Rb6 21. Qe3 Qb8 22.
b3 Re6 23. Rbd1 Re5 24. Rd4 Bb7 25. Rfd1 Nh7 26. Bc4 Ng5 27. Bd5 Rc8 28. Bxb7
Qxb7 29. f4 exf3 30. Qxe5 fxg2 31. Rd8+ Kh7 32. R8d3 Qf3 33. h4 Rxc3 34. Qxc3
Nh3+ 35. Kh2 Qf2 36. Kxh3 Qf1 37. Qe1 g1=N+ 38. Kh2 Nf3+ 39. Rxf3 Qxf3 40. Rd3
Qf4+ 41. Qg3 {1-0 Losev,D-Aliabiev,B/Moscow 1996/CBM 56 ext (41)}) 13... c5 14.
Nc4 Nxc4 15. Bxc4 cxd4 16. b3 Bc5 17. Ba3 Rd8 18. Bxc5 Qxc5 19. Nc3 Bxh3 20.
Nxe4 Nxe4 21. gxh3 Qg5+ 22. Kh1 Qf5 23. Qg4 Qxg4 24. hxg4 Nd2 25. Rfd1 Nxc4 26.
bxc4 Rac8 27. Rac1 Rxc4 28. c3 d3 29. f3 g6 30. Kg2 Rc6 31. Rd2 Kg7 32. Kf2 Kf6
33. c4 Ke5 34. Ke3 Rdc8 35. f4+ Kf6 36. Kxd3 Rd6+ 37. Kc3 Rxc4+ 38. Kb3 Rxd2
39. Rxc4 Rd3+ 40. Kb4 Rg3 41. Rc6+ Kg7 42. g5 hxg5 43. fxg5 a5+ 44. Kxa5 Ra3+
45. Kb4 Rxa2 46. Kc3 Ra5 47. Kd4 {
Mengelkamp,A-Wood,J/Belconnen 1994/EXT 99/0-1 (67)}) 13. c3 Qc7 14. b4 Nb7 15.
Bf4 Nd5 16. Bg3 f5 17. Qa4 $15 {Greift den Isolani c6 an} (17. Ng6 $5 $142 {
sieht noch spielbar aus} 17... f4 18. Nxf8 Bxf8 19. Bh4 $16) 17... Nd8 $16 (
17... f4 18. Qxc6 Qxc6 19. Nxc6 fxg3 20. hxg3 20... Ra8 $11) 18. Bc4 Be6 19.
Ng6 19... Rf6 {Will f4 spielen} 20. Bxd6 Qxd6 21. Ne5 $11 (21. Bxd5 $5 $142
21... cxd5 22. Ne5 $14) 21... f4 $4 $18 {
danach kann Schwarz alle Traeume begraben} (21... Nxc3 $142 {
und Schwarz spielt mit} 22. Nxc3 22... Qxd4 $15) 22. Qxa7 22... Nf7 $2 (22...
f3 $18 $142) 23. Nxc6 (23. Nd2 $5 {waere im Gewinnsinne praeziser} 23... Nxe5
24. Nxe4 Rf7 25. Nxd6 Rxa7 26. dxe5 26... Ra3 $18) 23... Qxc6 $4 {
der starke Druck provoziert weitere Fehler} (23... Re8 24. Na5 24... f3 $18)
24. Qxb8+ Kh7 25. Bxd5 Bxd5 26. a4 f3 27. g3 $16 (27. b5 Qd7 28. Rd1 $15) 27...
Qe6 {Droht Matt} 28. g4 $1 {bleibt am Druecker} 28... Nd6 $4 $18 {
vergibt den Vorteil} (28... Qxg4+ 29. Qg3 29... Qe6 $17) 29. h3 $16 (29. Kh1 $5
29... e3 30. h3 30... Ne4 $18) 29... Rg6 {Droht Matt: Rxg4} 30. Rc1 $4 {
ein Versehen in unangenehmer Stellung} (30. Qxd6 Qxd6 31. Re1 Rxg4+ 32. hxg4
Qf4 33. Rxe4 Bxe4 34. Nd2 Qxg4+ 35. Kf1 Bd3+ 36. Ke1 Qg1+ 37. Nf1 Qxf1+ 38. Kd2
Qe2+ 39. Kc1 Qc2#) 30... Bc4 $14 (30... Rxg4+ 31. hxg4 Qxg4+ 32. Kf1 Qg2+ 33.
Ke1 Qg1+ 34. Kd2 Qxf2+ 35. Kd1 Qe2#) 31. Kh1 {Mit der Drohung Nd2} 31... Rxg4 {
Es droht Matt} 32. Qxd6 Qxd6 33. hxg4 {
Schwarz darf nun die Drohung Rg1 nicht uebersehen} 33... Qf6 34. Nd2 (34. Kg1 {
hilft allerdings auch nicht} 34... Qf4 35. Kh1 Qxg4 36. a5 Qg2#) 34... Qh4+ 35.
Kg1 Qxg4+ 36. Kh2 Qh4+ (36... Qg2#) 37. Kg1 Qh3 (37... Qg5+ 38. Kh2 Qg2#) 38.
Rd1 (38. Nxf3 {macht keinen grossen Unterschied} 38... exf3 39. a5 Qg2#) 38...
Qg2# 0-1